000 00471nam a22001697a 4500
005 20260407120510.0
008 260407b |||||||| |||| 00| 0 eng d
037 _cDSWL
040 _aDSWL
_cDSWL
041 _heng
100 _aAwasthi, Surabhi
_91234221
245 _aNegotiating family dynamics
260 _aNew Delhi,
_bDepartment of Social Work,
_c2017
300 _a108p
942 _2CC
_cTH
_n0
999 _c1848038
_d1848038